[Event "Lichtenberger Sommer 2017"]
[Site "Berlin"]
[Date "2017.08.21"]
[Round "3.21"]
[White "Fuchs, Dominik"]
[Black "Sieglen, Joachim"]
[Result "0-1"]
[WhiteElo "1865"]
[BlackElo "2228"]
[PlyCount "74"]
[EventDate "2017.??.??"]
[WhiteTeam "SC Zitadelle Spandau"]
[BlackTeam "SC Untergrombach"]

1. e4 e6 2. d4 d5 3. e5 c5 4. c3 Nc6 5. Nf3 Nh6 6. dxc5 Bxc5 7. b4 Be7 8. Bd3
Ng4 9. Bf4 Qc7 10. Qe2 f6 11. Nd4 Ngxe5 12. Qh5+ Kf8 13. O-O Qd8 14. Nxc6 bxc6
15. Bxe5 fxe5 16. Qxe5 Bd6 17. Qh5 Qf6 18. Re1 g6 19. Qh6+ Kf7 20. Qd2 Kg7 21.
a3 Rf8 22. Ra2 Bd7 23. c4 Rad8 24. Qe3 Bb8 25. Rae2 Rf7 26. Qc1 e5 27. f3 Bf5
28. Qc2 Rfd7 29. cxd5 cxd5 30. Qb3 Be6 31. Rc1 e4 32. fxe4 dxe4 33. Bc4 Qf4 34.
Qc3+ Be5 35. g3 Bxc3 36. gxf4 Bxc4 37. Rec2 Bd4+ 0-1

[Event "Lichtenberger Sommer 2017"]
[Site "Berlin"]
[Date "2017.08.21"]
[Round "3.22"]
[White "Sivri, Gorkem"]
[Black "Schubert, Joachim"]
[Result "1-0"]
[WhiteElo "2148"]
[BlackElo "1893"]
[PlyCount "61"]
[EventDate "2017.??.??"]
[WhiteTeam "Ordu Belediyespor"]
[BlackTeam "SC Friesen Lichtenberg"]

1. f4 f5 2. Nf3 Nf6 3. b3 e6 4. Bb2 Be7 5. e3 b6 6. g3 Bb7 7. Bg2 O-O 8. Qe2
Qc8 9. d3 Nc6 10. Nc3 h6 11. h3 d6 12. O-O-O Nb4 13. g4 fxg4 14. hxg4 Nxg4 15.
Bh3 h5 16. Rhg1 Bf6 17. Kb1 Qd7 18. e4 Qc6 19. d4 Rae8 20. Bxg4 hxg4 21. Rxg4
Rf7 22. a3 Na6 23. Rdg1 Kf8 24. R4g3 e5 25. fxe5 dxe5 26. dxe5 Bxe5 27. Nxe5
Rxe5 28. Qg2 Rh5 29. Rxg7 Qe6 30. Rxf7+ Kxf7 31. Qg8+ 1-0

[Event "Lichtenberger Sommer 2017"]
[Site "Berlin"]
[Date "2017.08.21"]
[Round "3.23"]
[White "Ziems, Michael"]
[Black "Kohler, Thomas"]
[Result "0-1"]
[WhiteElo "1816"]
[BlackElo "2154"]
[PlyCount "46"]
[EventDate "2017.??.??"]
[WhiteTeam "SV Empor Berlin"]
[BlackTeam "SC Zitadelle Spandau"]

1. d4 d6 2. c4 e5 3. e3 Nd7 4. Nc3 Ngf6 5. Bd3 g6 6. Nge2 Bg7 7. b3 O-O 8. Bb2
Re8 9. Qc2 c6 10. O-O-O a6 11. Ng3 b5 12. Nce4 Nxe4 13. Nxe4 bxc4 14. bxc4 Bf8
15. h4 d5 16. Ng5 e4 17. Nxe4 dxe4 18. Bxe4 Rb8 19. h5 Nf6 20. Bxc6 Bf5 21. Qc3
Bb4 22. hxg6 Bxc3 23. gxf7+ Kxf7 0-1

[Event "Lichtenberger Sommer 2017"]
[Site "Berlin"]
[Date "2017.08.21"]
[Round "3.24"]
[White "Gaerths, Ronny"]
[Black "Matitschka, Heinz"]
[Result "1/2-1/2"]
[WhiteElo "2182"]
[BlackElo "1910"]
[PlyCount "64"]
[EventDate "2017.??.??"]
[WhiteTeam "SG TT/Wiheil"]
[BlackTeam "TSG Oberschöneweide"]

1. e4 e6 2. Nf3 d5 3. Nc3 Nf6 4. Qe2 Be7 5. g3 O-O 6. Bg2 c5 7. d3 Nc6 8. O-O
a6 9. a4 Bd7 10. e5 Ne8 11. h4 Nd4 12. Nxd4 cxd4 13. Nb1 Rc8 14. c3 dxc3 15.
Nxc3 b5 16. axb5 axb5 17. Bf4 b4 18. Nd1 Nc7 19. Ne3 Nb5 20. Qg4 f5 21. exf6
Bxf6 22. Bg5 Bxg5 23. hxg5 Qe7 24. Rfe1 Qf7 25. f4 Nd4 26. Ra7 Rfd8 27. Qd1 Qf8
28. Kh2 Qc5 29. Qa1 b3 30. Ra5 Qb4 31. Ra7 Nc2 32. Nxc2 Rxc2 1/2-1/2

[Event "Lichtenberger Sommer 2017"]
[Site "Berlin"]
[Date "2017.08.21"]
[Round "3.25"]
[White "Behrmann, Joachim"]
[Black "Kurzweil, Thomas"]
[Result "1-0"]
[WhiteElo "2206"]
[BlackElo "1918"]
[PlyCount "57"]
[EventDate "2017.??.??"]
[WhiteTeam "SK Zehlendorf"]
[BlackTeam "Spgem Kötz/Ichenhausen"]

1. d4 e6 2. c4 Nf6 3. Nc3 d5 4. Bg5 Be7 5. e3 O-O 6. Nf3 Nbd7 7. Qc2 c6 8. Bd3
dxc4 9. Bxc4 b6 10. O-O Bb7 11. Rfd1 h6 12. Bh4 Rc8 13. Qe2 b5 14. Bb3 a6 15.
a4 b4 16. Nb1 a5 17. Nbd2 Nd5 18. Bg3 N7b6 19. Ne4 Na8 20. Rac1 Qb6 21. Nc5
Rfd8 22. Ne5 Nac7 23. Qh5 g6 24. Nxg6 fxg6 25. Qxg6+ Kf8 26. Qxh6+ Kf7 27. Qh7+
Kf8 28. Be5 Bf6 29. Bxd5 1-0

[Event "Lichtenberger Sommer 2017"]
[Site "Berlin"]
[Date "2017.08.21"]
[Round "3.26"]
[White "Dreke, Frank"]
[Black "Amelang, Thomas"]
[Result "0-1"]
[WhiteElo "1958"]
[BlackElo "2178"]
[PlyCount "136"]
[EventDate "2017.??.??"]
[WhiteTeam "SV Mattnetz Berlin"]
[BlackTeam "Münchener SC"]

1. e4 d6 2. d4 Nf6 3. Bd3 g6 4. Nf3 Bg7 5. O-O O-O 6. Nbd2 c6 7. c3 Qc7 8. Re1
e5 9. Nf1 Nh5 10. a4 Qe7 11. Be3 Nd7 12. Qc2 Ndf6 13. h3 Ne8 14. g4 Qf6 15. Bg5
Qe6 16. gxh5 Qxh3 17. Ng3 f6 18. Be3 Nc7 19. dxe5 fxe5 20. Ng5 Qh4 21. hxg6
hxg6 22. Kg2 Rf4 23. Nf3 Qh3+ 24. Kg1 Rxf3 25. Bf1 Qh4 26. Bg2 Rf7 27. Qd2 Ne6
28. Rad1 Bf8 29. Nf1 Be7 30. f3 Nf4 31. Qf2 Nh3+ 32. Bxh3 Qxh3 33. Qg2 Qxf3 34.
Rd2 Bh3 35. Qxf3 Rxf3 36. Rf2 Rxf2 37. Bxf2 a6 38. Ne3 Kf7 39. Nc4 Rh8 40. Bg3
b5 41. axb5 axb5 42. Na5 Bd7 43. Rd1 Ke6 44. b4 Be8 45. Kg2 g5 46. Re1 Bf6 47.
Kf3 d5 48. Nb3 g4+ 49. Kg2 Bg6 50. exd5+ cxd5 51. Nd4+ Kf7 52. Nxb5 Bd3 53. Na7
e4 54. Nc6 Bxc3 55. Ne5+ Ke6 56. Nxd3 Bxe1 57. Nc5+ Kf5 58. Bxe1 d4 59. Nb3 Ke5
60. b5 Ra8 61. b6 Ra2+ 62. Kf1 Rb2 63. b7 Rxb3 64. b8=Q+ Rxb8 65. Bg3+ Kd5 66.
Bxb8 e3 67. Ke2 Ke4 68. Bh2 d3+ 0-1

[Event "Lichtenberger Sommer 2017"]
[Site "Berlin"]
[Date "2017.08.21"]
[Round "3.27"]
[White "Schmidt, Jürgen"]
[Black "Jaeschke, Jens-Uwe"]
[Result "0-1"]
[WhiteElo "1952"]
[BlackElo "2119"]
[PlyCount "104"]
[EventDate "2017.??.??"]
[WhiteTeam "SC Kreuzberg"]
[BlackTeam "SF Nordost Berlin"]

1. e4 c6 2. d4 d5 3. exd5 cxd5 4. c4 Nf6 5. Nc3 Nc6 6. Nf3 Be6 7. c5 g6 8. Bb5
Bg7 9. Ne5 Bd7 10. Bxc6 Bxc6 11. O-O O-O 12. Re1 Nd7 13. Bf4 Re8 14. Qg4 Qc8
15. Qh4 f6 16. Nxd7 Qxd7 17. Bh6 e5 18. Bxg7 Kxg7 19. Re3 e4 20. Rh3 h5 21. Qf4
g5 22. Rg3 Kg6 23. h4 Qf5 24. Qd2 Kh6 25. Nd1 Qf4 26. hxg5+ fxg5 27. Ne3 Rf8
28. Qe2 Kg6 29. Rh3 Rh8 30. Nd1 Raf8 31. Rb1 Bd7 32. Rb3 Bg4 33. Qe3 Bxd1 34.
Rxd1 Qg4 35. Re1 Rf3 36. Qe2 Rxb3 37. Qxg4 hxg4 38. axb3 Kf5 39. Re3 Ke6 40. b4
a6 41. b5 axb5 42. Rb3 Ra8 43. Rxb5 g3 44. fxg3 Ra4 45. b4 e3 46. Kf1 Kf5 47.
Rxb7 Ke4 48. Re7+ Kd3 49. Kg1 Rxb4 50. c6 Rc4 51. c7 Kd2 52. g4 Rc1+ 0-1

[Event "Lichtenberger Sommer 2017"]
[Site "Berlin"]
[Date "2017.08.21"]
[Round "3.28"]
[White "Jeß, Arne"]
[Black "Vogel, Robert"]
[Result "1/2-1/2"]
[WhiteElo "1862"]
[BlackElo "2154"]
[PlyCount "50"]
[EventDate "2017.??.??"]
[WhiteTeam "TSG Fredersdorf/Vogelsdorf"]
[BlackTeam "SG Pang-Rosenheim"]

1. e4 c5 2. Nf3 Nc6 3. d4 cxd4 4. Nxd4 Nf6 5. Nc3 d6 6. Bg5 g6 7. Bxf6 exf6 8.
Bc4 Bg7 9. Qd2 O-O 10. O-O-O Nxd4 11. Qxd4 f5 12. Qxd6 Qa5 13. Rd5 Qb6 14. Qxb6
axb6 15. exf5 Bxf5 16. Rd6 Rfc8 17. Bb3 Bxc3 18. bxc3 Rxc3 19. Kb2 Rc6 20. Rhd1
Rac8 21. Rd8+ Rxd8 22. Rxd8+ Kg7 23. Rd4 h5 24. f3 Kf6 25. c3 Be6 1/2-1/2

[Event "Lichtenberger Sommer 2017"]
[Site "Berlin"]
[Date "2017.08.21"]
[Round "3.29"]
[White "Wachtel, Arthur"]
[Black "Elsing, Jan"]
[Result "1/2-1/2"]
[WhiteElo "1803"]
[BlackElo "2140"]
[PlyCount "58"]
[EventDate "2017.??.??"]
[WhiteTeam "SK Freising"]
[BlackTeam "SC Friesen Lichtenberg"]

1. e4 Nf6 2. e5 Nd5 3. d4 d6 4. c4 Nb6 5. exd6 cxd6 6. Nc3 g6 7. Be3 Bg7 8. Rc1
O-O 9. b3 e5 10. dxe5 dxe5 11. Qxd8 Rxd8 12. c5 N6d7 13. Bc4 Nc6 14. Nf3 h6 15.
Ne4 Nf8 16. Nd6 Rd7 17. O-O Re7 18. Nxc8 Rxc8 19. Nd2 Ne6 20. Ne4 Ned4 21. Nd6
Rcc7 22. Kh1 Kh7 23. f4 f5 24. Rfe1 b6 25. cxb6 axb6 26. fxe5 Bxe5 27. Nb5 Rcd7
28. Bxd4 Nxd4 29. Nxd4 Bxd4 1/2-1/2

[Event "Lichtenberger Sommer 2017"]
[Site "Berlin"]
[Date "2017.08.21"]
[Round "3.30"]
[White "Roth, Josef"]
[Black "Lehmkuhl, Stefan"]
[Result "1-0"]
[WhiteElo "2032"]
[BlackElo "1873"]
[PlyCount "65"]
[EventDate "2017.??.??"]
[WhiteTeam "SK König Tegel"]
[BlackTeam "Breloher SC"]

1. e4 Nf6 2. e5 Nd5 3. d4 d6 4. c4 Nb6 5. exd6 cxd6 6. Nc3 g6 7. Be3 Bg7 8. Rc1
O-O 9. b3 Nc6 10. Qd2 Re8 11. d5 Nb8 12. Be2 e5 13. h4 f5 14. Bh6 Bf6 15. Nf3
Qe7 16. Bg5 N8d7 17. h5 e4 18. Bxf6 Nxf6 19. Nd4 e3 20. fxe3 Qxe3 21. Qxe3 Rxe3
22. hxg6 hxg6 23. Kd2 Re7 24. Ndb5 Rd7 25. Bf3 a6 26. Nxd6 Rxd6 27. c5 Rd8 28.
cxb6 Be6 29. Ke3 Nxd5+ 30. Nxd5 Bxd5 31. Rc7 f4+ 32. Kxf4 Rf8+ 33. Kg3 1-0

[Event "Lichtenberger Sommer 2017"]
[Site "Berlin"]
[Date "2017.08.21"]
[Round "3.31"]
[White "Bandlow, Matthias"]
[Black "Rohde, Wolfgang"]
[Result "0-1"]
[WhiteElo "1945"]
[BlackElo "2125"]
[PlyCount "38"]
[EventDate "2017.??.??"]
[WhiteTeam "Borussia Friedrichsfelde"]
[BlackTeam "SC Friesen Lichtenberg"]

1. d4 Nf6 2. c4 g6 3. Nf3 Bg7 4. e3 O-O 5. Nc3 c5 6. d5 e6 7. Be2 exd5 8. cxd5
d6 9. O-O Re8 10. Nd2 Na6 11. e4 Nc7 12. Rb1 b5 13. f3 Rb8 14. a4 a6 15. axb5
Nxb5 16. Nxb5 axb5 17. b3 Qe7 18. Re1 Nh5 19. Qc2 Bd4+ 0-1

[Event "Lichtenberger Sommer 2017"]
[Site "Berlin"]
[Date "2017.08.21"]
[Round "3.32"]
[White "Dellert, Lena"]
[Black "Guenther, Thomas"]
[Result "1-0"]
[WhiteElo "1851"]
[BlackElo "2061"]
[PlyCount "51"]
[EventDate "2017.??.??"]
[WhiteTeam "SF Wadgassen"]
[BlackTeam "SV Senat (FV Schach)"]

1. e4 c5 2. Nf3 Nc6 3. d4 cxd4 4. Nxd4 Qb6 5. Nb3 Nf6 6. Nc3 e6 7. Qe2 d6 8. g4
Be7 9. g5 Nd7 10. Be3 Qc7 11. f4 a6 12. O-O-O b5 13. Kb1 Nb6 14. Qf2 Na4 15.
Nxa4 bxa4 16. Bb6 Qb7 17. Na5 Nxa5 18. Bxa5 Rb8 19. Qd4 O-O 20. Bc3 f6 21. Bc4
Kh8 22. gxf6 gxf6 23. Rhg1 Bd7 24. e5 d5 25. exf6 Bxf6 26. Qxf6+ 1-0

[Event "Lichtenberger Sommer 2017"]
[Site "Berlin"]
[Date "2017.08.21"]
[Round "3.33"]
[White "Bui, Bao Anh Le"]
[Black "Heuser, Philip"]
[Result "1/2-1/2"]
[WhiteElo "1775"]
[BlackElo "2041"]
[PlyCount "49"]
[EventDate "2017.??.??"]
[WhiteTeam "SV Mattnetz Berlin"]
[BlackTeam "Münchener SC"]

1. e4 c6 2. d4 d5 3. Nc3 dxe4 4. Nxe4 Bf5 5. Ng3 Bg6 6. f4 e6 7. Nf3 Bd6 8. Bc4
Ne7 9. O-O Nd7 10. c3 Qc7 11. Ne5 Nf6 12. Bb3 Rd8 13. Nc4 O-O 14. Nxd6 Qxd6 15.
Qf3 b6 16. Be3 Nfd5 17. Rad1 Nxe3 18. Qxe3 Nf5 19. Nxf5 Bxf5 20. h3 h5 21. Qf3
h4 22. Qh5 Qe7 23. Rfe1 Qf6 24. Qf3 Rd6 25. Re5 1/2-1/2

[Event "Lichtenberger Sommer 2017"]
[Site "Berlin"]
[Date "2017.08.21"]
[Round "3.34"]
[White "Neumann, Thomas"]
[Black "Bartoszewski-Reiski, Olaf"]
[Result "1-0"]
[WhiteElo "2128"]
[BlackElo "1740"]
[PlyCount "63"]
[EventDate "2017.??.??"]
[WhiteTeam "Borussia Friedrichsfelde"]
[BlackTeam "Korona Gdansk"]

1. d4 Nf6 2. Nd2 g6 3. e4 d6 4. f4 Bg7 5. Ngf3 c5 6. d5 Qa5 7. Bd3 c4 8. Bxc4
Nxe4 9. c3 Nxd2 10. Bxd2 O-O 11. Qe2 Qc7 12. O-O Nd7 13. Be3 Re8 14. Nd4 a6 15.
Rae1 Nf6 16. f5 b5 17. Bb3 Bb7 18. fxg6 hxg6 19. Qf3 e6 20. dxe6 Bxf3 21. exf7+
Kh7 22. fxe8=Q Rxe8 23. Rxf3 Ng4 24. Ne6 Qc6 25. Ng5+ Kh8 26. Rh3+ Bh6 27. Bd4+
Ne5 28. Rxh6+ Kg7 29. Rh7+ Kf6 30. h4 Kf5 31. Rf1+ Kg4 32. Kh2 1-0

[Event "Lichtenberger Sommer 2017"]
[Site "Berlin"]
[Date "2017.08.21"]
[Round "3.35"]
[White "Eisheh, Jens-Tarek"]
[Black "Sabrowski, Uwe"]
[Result "1/2-1/2"]
[WhiteElo "1879"]
[BlackElo "2122"]
[PlyCount "76"]
[EventDate "2017.??.??"]
[WhiteTeam "Lübecker SV"]
[BlackTeam "SC Friesen Lichtenberg"]

1. e4 c5 2. Nc3 g6 3. f4 Bg7 4. Nf3 a6 5. a4 Nc6 6. Bc4 e6 7. O-O Nge7 8. d3 d6
9. Qe1 Nd4 10. Nxd4 cxd4 11. Ne2 d5 12. Bb3 dxe4 13. dxe4 d3 14. Nc3 O-O 15.
Be3 dxc2 16. Bxc2 Qc7 17. a5 Nc6 18. Qf2 Rd8 19. e5 Rd7 20. Bb6 Qb8 21. Ne4 Rd5
22. Nc3 Ne7 23. Rfd1 Bd7 24. Nxd5 Nxd5 25. Be4 Bc6 26. Bxd5 Bxd5 27. Rac1 Qe8
28. Qc5 h5 29. Rxd5 exd5 30. Qxd5 Rc8 31. Rc4 Rxc4 32. Qxc4 Qd7 33. h3 Bh6 34.
Be3 Qf5 35. Qd4 Qc8 36. Qb4 Bf8 37. Qd4 Qc7 38. Qb6 Qd7 1/2-1/2

[Event "Lichtenberger Sommer 2017"]
[Site "Berlin"]
[Date "2017.08.21"]
[Round "3.36"]
[White "Seitz, Patrick"]
[Black "Tedesco, Gennaro"]
[Result "1-0"]
[WhiteElo "1956"]
[BlackElo "1613"]
[PlyCount "51"]
[EventDate "2017.??.??"]
[WhiteTeam "SR Heuberg-Gosheim"]
[BlackTeam "SC Kreuzberg"]

1. e4 c5 2. Nf3 d6 3. d4 cxd4 4. Nxd4 Nf6 5. Nc3 a6 6. a4 Qc7 7. Be2 e5 8. Nf3
h6 9. O-O Be6 10. h3 Be7 11. Be3 Nbd7 12. Qd2 Nc5 13. Bd3 d5 14. exd5 Nxd5 15.
Bxc5 Bxc5 16. Rae1 Bb4 17. Nxd5 Bxd5 18. Qxb4 Bxf3 19. gxf3 O-O-O 20. Re4 Rd6
21. Rc4 Rc6 22. Rxc6 Qxc6 23. Be4 Qc7 24. Rd1 g6 25. Rd3 Kb8 26. Rb3 1-0

[Event "Lichtenberger Sommer 2017"]
[Site "Berlin"]
[Date "2017.08.21"]
[Round "3.37"]
[White "Brümmel, Arend"]
[Black "Hajou, Mohamad"]
[Result "1-0"]
[WhiteElo "2150"]
[BlackElo "1789"]
[PlyCount "53"]
[EventDate "2017.??.??"]
[WhiteTeam "Stader SV"]
[BlackTeam "SC Kreuzberg"]

1. d4 Nf6 2. Nf3 e6 3. Bf4 d5 4. e3 c5 5. Nbd2 Be7 6. c3 b6 7. Bb5+ Bd7 8. Bd3
Nc6 9. Ne5 Nxe5 10. dxe5 Ng8 11. O-O h5 12. e4 g5 13. Be3 Qc7 14. exd5 exd5 15.
Re1 O-O-O 16. Nf3 g4 17. Ng5 Nh6 18. Ba6+ Kb8 19. Bf4 Rhg8 20. Qd2 Bc8 21. Bd3
Rdf8 22. Nh7 Nf5 23. Nxf8 Rxf8 24. e6 Bd6 25. Bxd6 Nxd6 26. Qh6 Qd8 27. e7 1-0

[Event "Lichtenberger Sommer 2017"]
[Site "Berlin"]
[Date "2017.08.21"]
[Round "3.38"]
[White "Dimitrijeski, Kristian"]
[Black "Große-Honebrink, Brigitte"]
[Result "1-0"]
[WhiteElo "2182"]
[BlackElo "1886"]
[PlyCount "93"]
[EventDate "2017.??.??"]
[WhiteTeam "SK König Tegel"]
[BlackTeam "SC Kreuzberg"]

1. d4 Nf6 2. c4 e6 3. Nc3 d5 4. cxd5 exd5 5. Bg5 c6 6. e3 Be7 7. Bd3 Nbd7 8.
Qc2 Nh5 9. Bxe7 Qxe7 10. Nge2 g6 11. O-O O-O 12. Rab1 a5 13. a3 f5 14. Na4 Qg7
15. Nc5 Nxc5 16. Qxc5 f4 17. Nxf4 Nxf4 18. exf4 Rxf4 19. Rbe1 Bd7 20. Re5 Raf8
21. f3 R8f7 22. Bc2 Qf8 23. Qc3 Qd6 24. g3 R4f6 25. f4 b6 26. b4 axb4 27. axb4
Bf5 28. Bxf5 Rxf5 29. Rc1 R5f6 30. Qb3 Rd7 31. Qa4 Rc7 32. Qb3 Rd7 33. Kg2 Kg7
34. Rc2 Rf8 35. Rce2 Rf6 36. Qa4 Rc7 37. Qb3 Rd7 38. Qc3 Rc7 39. Rc2 Rf8 40.
Ra2 Rf6 41. Ra6 b5 42. Qe1 Kf7 43. Ra8 Kg7 44. Ree8 Rd7 45. Rg8+ Kh6 46. g4 Re6
47. Qh4# 1-0

[Event "Lichtenberger Sommer 2017"]
[Site "Berlin"]
[Date "2017.08.21"]
[Round "3.39"]
[White "Stark, Ingo"]
[Black "Bergmann, Jens"]
[Result "1-0"]
[WhiteElo "2161"]
[BlackElo "1878"]
[PlyCount "75"]
[EventDate "2017.??.??"]
[WhiteTeam "TSG Oberschöneweide"]
[BlackTeam "SK Tempelhof 1931"]

1. e4 d6 2. d4 Nf6 3. Nc3 e5 4. Nf3 Nbd7 5. g3 Be7 6. Bg2 O-O 7. O-O Re8 8. b3
exd4 9. Qxd4 Ne5 10. Bb2 Nxf3+ 11. Bxf3 Bd7 12. Bg2 c5 13. Qd3 Bf8 14. Rfe1 Ng4
15. f4 Rc8 16. Nd5 Be6 17. c4 Qd7 18. h3 Nh6 19. Kh2 Bxd5 20. Qxd5 Qc6 21. Qd3
Qb6 22. Rad1 f6 23. Bf3 Qa5 24. a4 Qc7 25. Bh5 Red8 26. Qd5+ Kh8 27. Re3 Ng8
28. Bg4 Rb8 29. Be6 Ne7 30. Qh5 Ng6 31. Rdd3 Be7 32. Bf5 Nf8 33. Qf7 a6 34. a5
Ng6 35. Bxg6 hxg6 36. Qxg6 Qxa5 37. Rd5 Rf8 38. Rg5 1-0

[Event "Lichtenberger Sommer 2017"]
[Site "Berlin"]
[Date "2017.08.21"]
[Round "3.40"]
[White "Poseck, Steffen"]
[Black "Ros Alonso, Joana"]
[Result "1-0"]
[WhiteElo "2026"]
[BlackElo "1820"]
[PlyCount "71"]
[EventDate "2017.??.??"]
[WhiteTeam "BSV 63 Chemie Weißensee"]
[BlackTeam "Sant Boi de Llobregat"]

1. Nf3 Nf6 2. d4 g6 3. c4 Bg7 4. Nc3 d5 5. Bg5 Ne4 6. Bh4 Nxc3 7. bxc3 c5 8. e3
Nc6 9. cxd5 Qxd5 10. Be2 O-O 11. O-O cxd4 12. cxd4 e5 13. dxe5 Qxd1 14. Rfxd1
Nxe5 15. Nxe5 Bxe5 16. Rab1 b6 17. f4 Bg7 18. Bf3 Bf5 19. e4 Be6 20. e5 Rac8
21. Rd2 f6 22. Rd6 Bf5 23. Re1 fxe5 24. fxe5 Rc2 25. e6 Bxe6 26. Rexe6 Rxa2 27.
Re1 Ra4 28. Be7 Rc8 29. Bd5+ Kh8 30. Bb7 Rb8 31. Bc6 b5 32. Bxb5 Rxb5 33. Rd8+
Bf8 34. Bxf8 Kg8 35. Bh6+ Kf7 36. Rf8# 1-0

[Event "Lichtenberger Sommer 2017"]
[Site "Berlin"]
[Date "2017.08.21"]
[Round "3.41"]
[White "Milare, Tyron"]
[Black "Teichert, Felix"]
[Result "0-1"]
[WhiteElo "1730"]
[BlackElo "1973"]
[PlyCount "60"]
[EventDate "2017.??.??"]
[WhiteTeam "Potsdamer SV"]
[BlackTeam "Leegebrucher SF"]

1. d4 g6 2. Nf3 Bg7 3. e4 c5 4. c3 cxd4 5. cxd4 Nc6 6. Nc3 d6 7. h3 Nf6 8. Be2
O-O 9. O-O a6 10. a4 b6 11. Be3 Bb7 12. Qd2 Na5 13. Qc2 Rc8 14. Nd2 e6 15. b4
Nc6 16. Qb3 e5 17. d5 Nd4 18. Bxd4 exd4 19. Na2 Re8 20. Bd3 Bh6 21. f4 Nh5 22.
Bb1 Bxf4 23. Nf3 Ng3 24. Re1 Be3+ 25. Kh2 Nxe4 26. Bxe4 Rxe4 27. Qd3 Bxd5 28.
Nxd4 Bf4+ 29. Kh1 Rxe1+ 30. Rxe1 Bxa2 0-1

[Event "Lichtenberger Sommer 2017"]
[Site "Berlin"]
[Date "2017.08.21"]
[Round "3.42"]
[White "Meyer-Dunker, Paul"]
[Black "Wimmer, Thomas"]
[Result "1-0"]
[WhiteElo "1965"]
[BlackElo "1878"]
[PlyCount "45"]
[EventDate "2017.??.??"]
[WhiteTeam "SC Friesen Lichtenberg"]
[BlackTeam "SK Marburg"]

1. e4 c6 2. d4 d5 3. exd5 cxd5 4. Bd3 Nc6 5. c3 Nf6 6. Bf4 g6 7. Nd2 Bg7 8.
Ngf3 O-O 9. O-O Nh5 10. Bg5 Qc7 11. Qb3 Be6 12. Rfe1 Nf4 13. Bxf4 Qxf4 14. Qxb7
Nxd4 15. cxd4 Rab8 16. Qxa7 Rxb2 17. Nb3 Bg4 18. Re3 e5 19. dxe5 Bxe5 20. Rxe5
Bxf3 21. Qd4 Be4 22. Bxe4 dxe4 23. Qxb2 1-0

[Event "Lichtenberger Sommer 2017"]
[Site "Berlin"]
[Date "2017.08.21"]
[Round "3.43"]
[White "Bruening, Wolfgang"]
[Black "Tscheuschner, Georg"]
[Result "0-1"]
[WhiteElo "1791"]
[BlackElo "1992"]
[PlyCount "66"]
[EventDate "2017.??.??"]
[WhiteTeam "vereinslos"]
[BlackTeam "SV Mattnetz Berlin"]

1. Nf3 c5 2. e3 Nf6 3. b3 g6 4. Bb2 Bg7 5. Be2 O-O 6. O-O b6 7. d4 Bb7 8. c4
cxd4 9. exd4 d5 10. Nc3 Nc6 11. Re1 Rc8 12. Qd2 dxc4 13. Bxc4 Nb4 14. Ne5 Nbd5
15. Rad1 Nxc3 16. Qxc3 b5 17. Qb4 bxc4 18. Qxb7 c3 19. Bc1 Rc7 20. Qf3 Nd5 21.
a3 e6 22. Qd3 a5 23. Nc4 Qa8 24. Qg3 Rb7 25. Rd3 Rxb3 26. Ne3 a4 27. Ng4 h5 28.
Ne5 Qd8 29. f4 Qc8 30. Qf3 Ne7 31. h3 h4 32. Qf2 Nf5 33. Nf3 Qc4 0-1

[Event "Lichtenberger Sommer 2017"]
[Site "Berlin"]
[Date "2017.08.21"]
[Round "3.44"]
[White "Silz, Elisa"]
[Black "Lieder, Günter"]
[Result "1-0"]
[WhiteElo "2023"]
[BlackElo "1840"]
[PlyCount "71"]
[EventDate "2017.??.??"]
[WhiteTeam "SV Empor Berlin"]
[BlackTeam "SK Turm Bad Hersfeld"]

1. d4 g6 2. Nf3 Bg7 3. c4 d6 4. Nc3 c6 5. e4 a6 6. a4 Bg4 7. Be2 Nd7 8. O-O h5
9. Be3 Qc7 10. Qc2 h4 11. h3 Bxf3 12. Bxf3 Ngf6 13. Rfd1 Rc8 14. Rac1 Kf8 15.
Qd2 Rd8 16. c5 Ke8 17. Bf4 Nh5 18. Bxh5 Rxh5 19. cxd6 exd6 20. Bg5 f6 21. Be3
Qb8 22. Ne2 g5 23. Nc3 Rh8 24. Qe2 Kf7 25. Qf3 Nf8 26. Bxg5 Ne6 27. Be3 Rdg8
28. d5 Nf8 29. Ne2 Ng6 30. Qf5 Re8 31. Nf4 Nxf4 32. Bxf4 Bf8 33. dxc6 bxc6 34.
Rxc6 Qb3 35. Rc7+ Re7 36. Rxd6 1-0

[Event "Lichtenberger Sommer 2017"]
[Site "Berlin"]
[Date "2017.08.21"]
[Round "3.45"]
[White "Döring, Martin"]
[Black "Püschel, Werner"]
[Result "0-1"]
[WhiteElo "1758"]
[BlackElo "1998"]
[PlyCount "166"]
[EventDate "2017.??.??"]
[WhiteTeam "SC Weisse Dame (Berlin)"]
[BlackTeam "Lasker Steglitz-Wilmersdorf"]

1. e4 c5 2. c3 Nf6 3. f3 e6 4. Qc2 a6 5. d4 Nc6 6. Be3 cxd4 7. cxd4 Qb6 8. Qf2
Qa5+ 9. Nc3 Bb4 10. Nge2 d5 11. e5 Nd7 12. f4 Nb6 13. Qg3 g6 14. Kf2 Nc4 15.
Bc1 Qd8 16. a3 Be7 17. h4 h5 18. b3 N4a5 19. Rb1 b5 20. Nd1 Bd7 21. Ne3 Qb6 22.
Nc2 Rc8 23. Qd3 Bd8 24. Ng1 Ne7 25. Nf3 Nf5 26. Bb2 Qa7 27. g3 Bb6 28. Rd1 Nc6
29. Be2 Kf8 30. Rhg1 a5 31. Kg2 Nce7 32. Kh2 a4 33. Rd2 Kg7 34. Kh3 Rc7 35. Rg2
Rhc8 36. Ne3 axb3 37. Qxb3 Qa4 38. Qxa4 bxa4 39. Nxf5+ Nxf5 40. Ba6 Ra8 41. Bd3
Ne3 42. Rge2 Ng4 43. Nh2 Ba5 44. Rc2 Rxc2 45. Rxc2 Ne3 46. Rc1 Rb8 47. Bc3 Bxc3
48. Rxc3 Rb3 49. Rxb3 axb3 50. Nf3 Nc2 51. Nd2 Nxd4 52. g4 hxg4+ 53. Kxg4 Ba4
54. h5 gxh5+ 55. Kxh5 Nc2 56. Nb1 Ne1 57. Be2 b2 58. Kg4 Bc2 59. Nd2 b1=Q 60.
Nxb1 Bxb1 61. Kg3 Nc2 62. a4 Nd4 63. Bf1 Nc6 64. Kf3 Ba2 65. Ke3 Bc4 66. Bh3
Kg6 67. Kf3 Bb3 68. Bf1 Bxa4 69. Bd3+ f5 70. Ba6 Bb5 71. Bc8 Kf7 72. Ke3 Ke7
73. Kd2 Na7 74. Bb7 Kd7 75. Ke3 Kc7 76. Bxd5 exd5 77. Kd4 Bc4 78. Kc5 Kd7 79.
Kd4 Ke6 80. Kc3 Nc6 81. Kd2 d4 82. Kc2 Kd5 83. Kd2 Ke4 0-1

[Event "Lichtenberger Sommer 2017"]
[Site "Berlin"]
[Date "2017.08.21"]
[Round "3.46"]
[White "Zesewitz, Martin"]
[Black "Schäfer, Heiko"]
[Result "0-1"]
[WhiteElo "1875"]
[BlackElo "1993"]
[PlyCount "68"]
[EventDate "2017.??.??"]
[WhiteTeam "SF Friedrichshagen"]
[BlackTeam "Potsdamer SV"]

1. f4 Nf6 2. Nf3 g6 3. d3 d5 4. e3 Bg7 5. Be2 O-O 6. O-O c5 7. Qe1 Nc6 8. Qh4
b6 9. Nc3 Bb7 10. Ne5 Nb4 11. Bd1 d4 12. exd4 cxd4 13. Nb5 a6 14. Na3 b5 15. f5
Nfd5 16. fxg6 fxg6 17. Rxf8+ Qxf8 18. Nd7 Qf7 19. Nc5 Rf8 20. Bf3 Bc6 21. Bg5
Ne3 22. Bxe3 dxe3 23. Qxb4 Bxf3 24. Rf1 Qd5 25. c3 e2 26. Re1 Bxg2 27. Ne4 Bxe4
28. Qxe4 Qg5+ 29. Qg2 Qe3+ 30. Kh1 Rf2 31. Qa8+ Bf8 32. Qd5+ e6 33. Nc2 Rf1+
34. Kg2 Qf2+ 0-1

[Event "Lichtenberger Sommer 2017"]
[Site "Berlin"]
[Date "2017.08.21"]
[Round "3.47"]
[White "Daoud, Marcel"]
[Black "Bender, Sebastian"]
[Result "1-0"]
[WhiteElo "1928"]
[BlackElo "1876"]
[PlyCount "83"]
[EventDate "2017.??.??"]
[WhiteTeam "SK Freising"]
[BlackTeam "SC Zugzwang 95 (Berlin)"]

1. e4 c5 2. Nc3 Nc6 3. Nf3 e6 4. d4 cxd4 5. Nxd4 Qc7 6. Be2 a6 7. O-O Nf6 8.
Be3 d6 9. f4 Be7 10. Bf3 O-O 11. Kh1 Bd7 12. Qe1 Nxd4 13. Bxd4 e5 14. Be3 Bc6
15. Rd1 Rad8 16. Qf2 Nd7 17. f5 Rfe8 18. g4 b5 19. Rg1 b4 20. Nd5 Bxd5 21. Rxd5
Rc8 22. Rd2 Nc5 23. g5 Rcd8 24. Qh4 d5 25. f6 Bf8 26. fxg7 Bxg7 27. exd5 e4 28.
Bg4 Nd7 29. Bf5 Nf8 30. Rg4 Bxb2 31. Rxe4 Bc3 32. Rd3 Qa5 33. Rxe8 Rxe8 34. Qc4
Qd8 35. d6 Rxe3 36. Rxe3 Qxd6 37. Qd3 Qc6+ 38. Qe4 Qb5 39. Qd3 Qa5 40. Re8 Qxa2
41. Bxh7+ Kg7 42. Rxf8 1-0